000 00420nam a2200157 i 4500
001 78137
003 ES-MaACL
005 20230906173546.0
007 t|
008 041011s1933 fr ||||1| fre d
100 1 _aHarry, Myriam.
_961952
245 1 4 _aLes derniers harems /
_cMyriam Harry.
260 _aParis :
_bErnest Flammarion,
_c1933 (
_fImp. de Lagny)
300 _a247 p. ;
_c18 cm.
852 _aES-MaACL
_jA-1718
999 _c78137
_d78137